000 00378nam a2200145Ia 4500
008 230711s9999||||xx |||||||||||||| ||und||
041 _aENG
082 _a624
_bCH-P
100 _aCheremisinoff,NP
245 0 _aHandbook of polymer science and technology
250 _a1st . . Ed.
260 _c1989
_aNew York
_bMarcel Dekker Inc.
650 _aTextile Engineering
942 _cBK
999 _c3503
_d3503